Applied calculus / (Record no. 181005)

000 -LEADER
fixed length control field 00733 a2200193 4500
003 - CONTROL NUMBER IDENTIFIER
control field Nust
005 - DATE AND TIME OF LATEST TRANSACTION
control field 20240108105606.0
010 ## - LIBRARY OF CONGRESS CONTROL NUMBER
LC control number 84026995
020 ## - INTERNATIONAL STANDARD BOOK NUMBER
International Standard Book Number 0534042457
040 ## - CATALOGING SOURCE
Transcribing agency Nust
082 00 - DEWEY DECIMAL CLASSIFICATION NUMBER
Classification number 515,GRO
100 1# - MAIN ENTRY--PERSONAL NAME
Personal name Grossman, Stanley I.
9 (RLIN) 103020
245 10 - TITLE STATEMENT
Title Applied calculus /
Statement of responsibility, etc. Stanley I. Grossman.
260 ## - PUBLICATION, DISTRIBUTION, ETC.
Place of publication, distribution, etc. Belmont, Calif. :
Name of publisher, distributor, etc. Wadsworth,
Date of publication, distribution, etc. c1985.
300 ## - PHYSICAL DESCRIPTION
Extent xii, 370, [A-1]-A-81 p. :
Other physical details ill. (some col.) ;
Dimensions 25 cm.
505 ## - FORMATTED CONTENTS NOTE
Formatted contents note Functions and graphs (Page-1), The derivatives (Page-53), Exponential and logarithmic functions (Page-129), Applications of the derivatives (Page-181), Integration (Page- 249), Introduction to multivariable calculus (Page-319).
650 #0 - SUBJECT ADDED ENTRY--TOPICAL TERM
Topical term or geographic name entry element Calculus.
942 ## - ADDED ENTRY ELEMENTS (KOHA)
Source of classification or shelving scheme
Koha item type Book
Call number prefix 515,GRO
Holdings
Withdrawn status Lost status Source of classification or shelving scheme Damaged status Not for loan Permanent Location Current Location Shelving location Date acquired Full call number Barcode Date last seen Price effective from Koha item type Public note
          Military College of Signals (MCS) Military College of Signals (MCS) General Stacks 12/12/2016 515,GRO MCS7167 12/08/2016 12/12/2016 Book Almirah No.11, Shelf No.6
© 2023 Central Library, National University of Sciences and Technology. All Rights Reserved.